Meistbesuchte Länder von Österreichern - Statistiken

Allgemein
  • Dieses Quiz wurde 702 mal gespielt
  • Das Durchschnittsergebnis liegt bei 4 aus 5
Antwortstatistiken
# Land % Korrekt
2,329,530 Deutschland
99%
1,931,612 Italien
97%
442,435 Spanien
82%
959,515 Kroatien
71%
381,425 Griechenland
52%
Keine übereinstimmenden Quizze gefunden
Verteilung der Resultate
Anzahl Personen mit jedem Resultat
Perzentil nach korrekt beantworteten Fragen
Ihre Resultats-Entwicklung
Sie haben dieses Quiz noch nicht gespielt